00277nam a22001097a 4500020001500000082001600015100001700031245005200048260003700100300002100137563000900158 a0727822519 a813.54bELL aEllis, Julie aWhen The Summer People Have Gone /cJulie Ellis aNew York :bSevern House,c1998. a186 p. ;c22 cm. aHBK.